000 00360nam a2200145Ia 4500
008 230917s9999||||xx |||||||||||||| ||und||
040 _e36586
_aMAIN
041 _aEnglish
082 _a954.01 D569M
100 _aDikshitar, V R Ramachandra
245 0 _aMauryan polity
260 _aDelhi
_bMotilal Banarsidass
_c1993
300 _aviii, 394 p.
942 _cBK
999 _c76124
_d76124